=LDR 00000nam 2200000 4500 =001 INLIS000000000023548 =005 20130612122214 =008 ***********************************Ind** =035 ##$$a0010-061300000023548 =041 ##$$a Ind =082 ##$$a 658.402 =090 ##$$a 658.402, Mul b =100 ##$$a Mulyadi =245 ##$$a Balanced Scorecard; Mulyadi =260 ##$$a 2001 $b Jakarta =300 ##$$a 343 hlm, 21 cm =650 ##$$a Manajemen Stratejik =850 ##$$a NBPNMAT =990 ##$$a 21194763/BPAP-NTB/2014 =990 ##$$a 21400613/BPAP-NTB/20142014 =990 ##$$a 0001/BPAP-NTB/20142014 =990 ##$$a 0001/BPAP-NTB/20142014